Intercultural differences in managers values

Porovnanie vzťahov medzi manažérskymi hodnotami na Slovensku a v Česku na základe veku, dĺžky zamestnania a príjmovej úrovne manažéra. Rozdiely predovšetkým medzi mužmi a ženami.

Enregistré dans:
Détails bibliographiques
Auteur principal: Dubravská, Mariana
Autres auteurs: Soľanková, Emília, Dančišinová, Lucia
Format: Chapitre de livre
Langue:anglais
Sujets:
Tags: Ajouter un tag
Pas de tags, Soyez le premier à ajouter un tag!

MARC

LEADER 00000naa a2200000 4500
001 0214756
005 20220718122843.1
041 0 |a eng 
044 |a SK 
245 1 0 |a Intercultural differences in managers values  |c Mariana Dubravská, Emília Soľanková, Lucia Dančišinová 
520 |a Porovnanie vzťahov medzi manažérskymi hodnotami na Slovensku a v Česku na základe veku, dĺžky zamestnania a príjmovej úrovne manažéra. Rozdiely predovšetkým medzi mužmi a ženami. 
610 2 0 |a riadenie ľudských zdrojov 
610 2 0 |a hodnota 
610 2 0 |a manažment 
100 1 |a Dubravská, Mariana 
700 1 |a Soľanková, Emília 
700 1 |a Dančišinová, Lucia